000 00696cam a22002053a 4500
001 40637
003 PGUSA
005 20140828083916.0
008 120901s2012||||xxu|||||s|||||000 | eng d
040 _aPGUSA
_beng
042 _adc
100 1 _aHausmann, B.
245 1 0 _aAlbrecht Dürer's Kupferstiche, Radirungen, Holzschnitte und Zeichnungen :
_bunter besonderer Berücksichtigung der dazu verwandten Papiere und deren Wasserzeichen
_h[electronic resource] /
_cB. Hausmann
260 _bProject Gutenberg,
_c2012
506 _aPublic domain in the USA.
516 _aElectronic text
830 0 _aProject Gutenberg
_v40637
856 4 0 _uhttp://www.gutenberg.org/ebooks/40637
942 _cEB
999 _c269890
_d269890